<?xml version="1.0" encoding="UTF-8"?>
<record
    xmlns:xsi="http://www.w3.org/2001/XMLSchema-instance"
    xsi:schemaLocation="http://www.loc.gov/MARC21/slim http://www.loc.gov/standards/marcxml/schema/MARC21slim.xsd"
    xmlns="http://www.loc.gov/MARC21/slim">

  <leader>01188nam a22002537a 4500</leader>
  <controlfield tag="005">20160213020003.0</controlfield>
  <controlfield tag="008">150814 | 2009     ck              spa</controlfield>
  <datafield tag="020" ind1=" " ind2=" ">
    <subfield code="a">9789588448190</subfield>
  </datafield>
  <datafield tag="041" ind1=" " ind2=" ">
    <subfield code="a">spa</subfield>
  </datafield>
  <datafield tag="044" ind1=" " ind2=" ">
    <subfield code="a">ck</subfield>
  </datafield>
  <datafield tag="082" ind1=" " ind2=" ">
    <subfield code="a">577.69</subfield>
    <subfield code="b">G46o</subfield>
  </datafield>
  <datafield tag="245" ind1="0" ind2="0">
    <subfield code="a">Ordenamiento ambiental de los manglares de la Alta Media y Baja Guajira (Caribe Colombiano)</subfield>
    <subfield code="c">Walter, Gil Torres...(et al.)</subfield>
  </datafield>
  <datafield tag="260" ind1=" " ind2=" ">
    <subfield code="a">Antioquia</subfield>
    <subfield code="b">Instituto de Investigaciones Marinas y Costeras "Jose Benito de Andr&#xE9;is"- INVEMAR </subfield>
    <subfield code="b">Corporaci&#xF3;n Aut&#xF3;noma Regional de la Guajira </subfield>
    <subfield code="b">Ministerio de Ambiente, Vivienda y Desarrollo Territorial </subfield>
    <subfield code="c">2009</subfield>
  </datafield>
  <datafield tag="300" ind1=" " ind2=" ">
    <subfield code="a">283 p.</subfield>
    <subfield code="b">Tablas, graf., anexos</subfield>
    <subfield code="c">28 cm. +</subfield>
    <subfield code="e">6 mapas</subfield>
  </datafield>
  <datafield tag="490" ind1=" " ind2=" ">
    <subfield code="a">Serie de Documentos Generales INVEMAR</subfield>
    <subfield code="v">36</subfield>
  </datafield>
  <datafield tag="504" ind1=" " ind2=" ">
    <subfield code="a">Incluye referencias bibliogr&#xE1;ficas (pag. 275-283)</subfield>
  </datafield>
  <datafield tag="650" ind1=" " ind2="6">
    <subfield code="a">Manglares</subfield>
    <subfield code="x">aspectos ambientales</subfield>
    <subfield code="z">Guajira (Dpt. Colombia) </subfield>
    <subfield code="9">25876</subfield>
  </datafield>
  <datafield tag="650" ind1=" " ind2="6">
    <subfield code="a">Fauna de manglares</subfield>
    <subfield code="z">Guajira (Dpt. Colombia) </subfield>
    <subfield code="9">25877</subfield>
  </datafield>
  <datafield tag="650" ind1=" " ind2="6">
    <subfield code="a">Ecosistemas costeros</subfield>
    <subfield code="z">Guajira (Dpt. Colombia) </subfield>
    <subfield code="9">25878</subfield>
  </datafield>
  <datafield tag="700" ind1="1" ind2=" ">
    <subfield code="a">Restrepo-Mart&#xED;nez, Jorge</subfield>
    <subfield code="e">ed.</subfield>
    <subfield code="9">22069</subfield>
  </datafield>
  <datafield tag="700" ind1="1" ind2=" ">
    <subfield code="a">Gil-Torres, Walter</subfield>
    <subfield code="e">ed.</subfield>
    <subfield code="9">25636</subfield>
  </datafield>
  <datafield tag="700" ind1="1" ind2=" ">
    <subfield code="a">Hern&#xE1;ndez-Ortiz, Milena </subfield>
    <subfield code="e">ed.</subfield>
    <subfield code="9">25355</subfield>
  </datafield>
  <datafield tag="942" ind1=" " ind2=" ">
    <subfield code="2">ddc</subfield>
    <subfield code="c">LIBRO</subfield>
    <subfield code="0">1</subfield>
  </datafield>
  <datafield tag="999" ind1=" " ind2=" ">
    <subfield code="c">8591</subfield>
    <subfield code="d">8591</subfield>
  </datafield>
  <datafield tag="952" ind1=" " ind2=" ">
    <subfield code="0">0</subfield>
    <subfield code="1">0</subfield>
    <subfield code="2">ddc</subfield>
    <subfield code="4">0</subfield>
    <subfield code="7">0</subfield>
    <subfield code="8">GENERAL</subfield>
    <subfield code="I">INV2017</subfield>
    <subfield code="a">Bogota</subfield>
    <subfield code="b">Bogota</subfield>
    <subfield code="d">2014-08-08</subfield>
    <subfield code="e">Instituto</subfield>
    <subfield code="g">39000.00</subfield>
    <subfield code="l">1</subfield>
    <subfield code="o">LB-577.69 G46o</subfield>
    <subfield code="p">034510</subfield>
    <subfield code="r">2016-02-12 00:00:00</subfield>
    <subfield code="s">2016-02-12</subfield>
    <subfield code="t">Ej. 1</subfield>
    <subfield code="w">2014-08-08</subfield>
    <subfield code="x">Donaci&#xF3;n</subfield>
    <subfield code="y">LIBRO</subfield>
  </datafield>
</record>
